000 00597nam a22002297a 4500
001 83732
003 UA-OsUOA
005 20211215123926.0
007 ta
008 20120426b un ||||| |||| 00| 0 ukr d
020 _a9660006322
040 _aUA-OsUOA
_bukr
_cUA-OsUOA
_dUA-OsUOA
041 _aukr
080 _a(031)94(477)
090 _a(031)94(477)
_bЕ64
245 _aЕнциклопедія історії України
260 _aК.
_bНаукова думка
_c2011
300 _a520 с.
650 7 _a0 Загальний відділ.
_2UDC
942 _cBK
_2udc
955 _a7
999 _c370038
_d370038